| 000 | 00628cam a2200205Ma 4500 | ||
|---|---|---|---|
| 001 | 60871 | ||
| 005 | 20230410104005.0 | ||
| 008 | 060811s2004 dr a 000 0 eng d | ||
| 035 | _a(OCoLC)ocm85214651 | ||
| 040 |
_aZCU _cZCU _dOCLCQ |
||
| 020 | _z99993499609 | ||
| 035 | _a(OCoLC)85214651 | ||
| 050 | 1 | 4 | _aC965 2004 |
| 245 | 0 | 4 | _aLas Cuevas sumergidas de Republica Dominicana. |
| 260 |
_aSanto Domingo, Republica Dominicana : _bSecretaria de Estado de Medio Ambiente y Recuros Naturales, _c2004. |
||
| 300 |
_a135 p. : _bill. (some col.) ; _c28 x 21 cm. |
||
| 942 |
_2lcc _cbk |
||
| 994 |
_aC0 _bDRFGD |
||
| 946 | _acsexposito | ||
| 999 |
_c29850 _d29850 |
||